000 00302nam a22001337a 4500
008 171107b xxu||||| |||| 00| 0 eng d
020 _a9780072319415
041 _aeng
080 _a330.322
100 _a63
101 _aINV
245 _aFUNDAMENTAL OF INVESTMENTS
_cCORRADO,CH,J
942 _2udc
_cBK
999 _c38131
_d38131